| 000 | 01119nam a22002777a 4500 | ||
|---|---|---|---|
| 005 | 20080905121451.0 | ||
| 008 | 110608t xxu||||| |||| 00| 0 hin d | ||
| 010 | _aHIN-92935 | ||
| 020 |
_c200.00 _a8190419528 |
||
| 035 | _aHN-65281 | ||
| 037 | _bDBAD / PUB | ||
| 040 |
_aDPL _bHN |
||
| 082 | _a158.1 | ||
| 100 |
_928442 _aवर्मा, मनोहर |
||
| 245 |
_aउठो जागो बनो विजेता / _cमनोहर वर्मा |
||
| 246 |
_aUtho jaago bano vijeta _bby Manohar Verme |
||
| 260 |
_aदिल्ली _bहिमालय प्रकाशन _c2011 |
||
| 270 |
_aए-76/4, गली नं-12, ईस्ट आजाद नगर _bदिल्ली _e110051 |
||
| 300 |
_a152पृ _c22सेमी (सजिल्द) |
||
| 650 | _928443 | ||
| 650 | _928455 | ||
| 700 | _928521 | ||
| 700 | _928536 | ||
| 942 |
_adpl _cHN _2ddc _mवर्माम _h158.1 |
||
| 999 |
_c52939 _d52939 |
||